000 00247nam a2200097Ia 4500
001 704064
005 20250826162403.0
008 250824s9999 xx 000 0 und d
245 0 _aÇILDIRTAN ŞİFRELER
_cDİANA KİMPTON
260 _bTİMAŞ YAYINLARI
999 _c704064
_d704064